000 01206nam a2200301Ia 4500
003 OSt
005 20200715000351.0
008 191128s1994 sp ad fr 001 0 spa d
020 _a8485855701
040 _aCO-JMCR
_cCO-JMCR
041 1 _aspa
_heng
082 0 4 _a338.5 /
_bV173m
_223
100 1 _aVarian, Hal Ronald,
_eautor
_97260
245 1 0 _aMicroeconomía intermedia :
_bun enfoque moderno /
_cHal R. Varian ; traducción de Ma. Esther Rabasco y Luis Tohoria
250 _aTercera edición
260 _aBarcelona :
_bAntoni Bosh,
_c1994
300 _axxiii, 688 páginas :
_bgráficos a blanco y negro ;
_c23 cm.
500 _aIncluye índice análitico.
500 _aTítulo original; Intermediate microeconomics : a modern approach.
505 0 _aEl mercado -- La restricción presupuestaria -- Las preferencias -- La utilidad -- La elección -- La demanda -- Las preferencias reveladas
546 _aTraducido del inglés
650 1 4 _aMacroeconomía
_97261
650 1 4 _aRestricción presupuestaria
_97262
650 1 4 _aPreferencias del consumidor
_97263
700 1 _aRabasco, Ma. Esther,
_etraductora
_97264
700 1 _aToharia, Luis,
_etraductor
_94738
942 _2ddc
_cBK
999 _c5489
_d5489